| 000 | 00766nam a2200265Ia 4500 | ||
|---|---|---|---|
| 999 |
_c7094 _d7094 |
||
| 001 | 46673945 | ||
| 003 | OCoLC | ||
| 005 | 20190122180843.0 | ||
| 008 | 010405s1996 tnu b 000 0deng d | ||
| 020 | _a0785272682 | ||
| 040 |
_aMAL _cMAL |
||
| 082 |
_a234.1 _bH418b |
||
| 090 |
_aBT122.5 _b.H39 1996 |
||
| 092 |
_a234.132 _bH33b |
||
| 100 | 1 | _aHayford, Jack W. | |
| 245 | 1 | 4 |
_aThe beauty of spiritual language / _cJack Hayford. |
| 246 | 0 |
_iCover subtitle: _aUnveiling the mystery of speaking in tongues |
|
| 260 |
_aNashville : _bThomas Nelson, _cc1996. |
||
| 300 |
_a204 p. ; _c23 cm. |
||
| 504 | _aIncludes bibliographical references (p. 201-204). | ||
| 600 | 1 | 0 | _aHayford, Jack W. |
| 650 | 0 | _aGlossolalia. | |
| 650 | 0 | _aSpiritual life. | |
| 942 |
_2ddc _cBK |
||